| 000 | 00989cam a2200253 4500 | ||
|---|---|---|---|
| 001 | WB3705-12 | ||
| 008 | 000000n2001 000 0 eng u | ||
| 035 | _a(Sirsi) u110720 | ||
| 245 | _aLand use change in England | ||
| 260 | _c2001 | ||
| 490 |
_aDETR News Release _v(LUCS-15) 31 January 2001, (2) |
||
| 520 | _aThe latest edition of "Land Use Change in England" has been published. This complements the July 2000 Bulletin, which offered the latest estimate of the percentage of housing provided on previously developed land and through conversion of existing buildings. Gives details of the key statistics included in the text, which are derived from Ordnance Survey map revisions. | ||
| 590 | _aWB | ||
| 650 |
_aLand use _96251 |
||
| 650 | _aENGLAND | ||
| 650 | _aGREEN BELTS | ||
| 650 | _aHOUSING DENSITY | ||
| 650 | _aSTATISTICS | ||
| 650 | _aURBAN USES | ||
| 650 | _aRESIDENTIAL USE | ||
| 650 | _aHOUSING | ||
| 690 | _aPROPERTY-PROPERTY DEVELOPMENT | ||
| 942 | _n0 | ||
| 999 |
_c65988 _d65988 |
||